Việt sử kỷ yếu

Gespeichert in:
Bibliographische Detailangaben
1. Verfasser: Trần, Xuân Sinh
Format: Buch
Sprache:Undetermined
Veröffentlicht: Hải Phòng Nhà xuất bản Hải Phòng 2003
Schlagworte:
Tags: Tag hinzufügen
Keine Tags, Fügen Sie den ersten Tag hinzu!
Thư viện lưu trữ: Trung tâm Học liệu Trường Đại học Cần Thơ
LEADER 00568nam a2200205Ia 4500
001 CTU_64242
008 210402s9999 xx 000 0 und d
020 |b 90000 
082 |a 959.7 
082 |b S312 
100 |a Trần, Xuân Sinh 
245 0 |a Việt sử kỷ yếu 
245 0 |c Trần Xuân Sinh 
260 |a Hải Phòng 
260 |b Nhà xuất bản Hải Phòng 
260 |c 2003 
650 |a Vietnam,Lịch sử Việt Nam 
650 |x History 
910 |a Năm 
980 |a Trung tâm Học liệu Trường Đại học Cần Thơ